Словарь экспрессивных устойчивых фраз русского языка. Фразеосхемы и устойчивые модели

Podrobná bibliografie
Hlavní autor: Меликян В. Ю. Вадим Юрьевич
Shrnutí:В словаре впервые представлены выразительные средства современного русского синтаксиса (синтаксические конструкции фразеологизированного типа). Словарь содержит более 150 устойчивых фраз русского языка (синтаксических фразеологических единиц , нечленимых предложений). В словаре описана система значений каждой устойчивой фразы, даны структурные варианты их употребления, сведения о происхождении и стилевой принадлежности, а также приведены примеры их реализации в речи.Для самого широкого круга читателей: филологов, преподава­телей и учителей, студентов и учащихся, писателей, журналистов, переводчиков, иностранцев и всех интересующихся многообразием выразительных средств русского языка.
Jazyk:ruština
Vydáno: Москва, Флинта, 2016
Témata:
Médium: Kniha
KOHA link:https://koha.lib.tpu.ru/cgi-bin/koha/opac-detail.pl?biblionumber=320054

MARC

LEADER 00000nam0a2200000 4500
001 320054
005 20231102003235.0
010 |a 9785976525504 
010 |a 978-5-02-038970-0 
035 |a (RuTPU)RU\TPU\book\345577 
090 |a 320054 
100 |a 20160622d2016 km y0rusy50 ca 
101 0 |a rus 
102 |a RU 
105 |a y e 001zy 
200 1 |a Словарь экспрессивных устойчивых фраз русского языка. Фразеосхемы и устойчивые модели  |f В. Ю. Меликян 
210 |a Москва  |c Флинта  |c Наука  |d 2016 
215 |a 335 с. 
320 |a Список сокращений: с. 13-15 
330 |a В словаре впервые представлены выразительные средства современного русского синтаксиса (синтаксические конструкции фразеологизированного типа). Словарь содержит более 150 устойчивых фраз русского языка (синтаксических фразеологических единиц , нечленимых предложений). В словаре описана система значений каждой устойчивой фразы, даны структурные варианты их употребления, сведения о происхождении и стилевой принадлежности, а также приведены примеры их реализации в речи.Для самого широкого круга читателей: филологов, преподава­телей и учителей, студентов и учащихся, писателей, журналистов, переводчиков, иностранцев и всех интересующихся многообразием выразительных средств русского языка. 
606 1 |a Русский язык  |x Фразеология  |2 stltpush  |3 (RuTPU)RU\TPU\subj\26401  |9 50341 
610 1 |a фразеологизмы 
610 1 |a фразеологические особенности 
610 1 |a фразеологические средства 
610 1 |a устойчивые выражения 
610 1 |a фразы 
610 1 |a экспрессивность 
610 1 |a словари 
686 |a Ш141.2-3  |v LBC/SL-A  |2 rubbk 
700 1 |a Меликян  |b В. Ю.  |g Вадим Юрьевич 
801 1 |a RU  |b 63413507  |c 20160622 
801 2 |a RU  |b 63413507  |c 20161005  |g RCR 
900 |a Русский язык и культура речи 
942 |c BK 
959 |a 43/20160609  |d 1  |e 300,00  |f ЧЗИЛ:1